| 000 | 00000nam##2200000za#4500 |
| 001 | 9.662278 |
| 003 | CaOODSP |
| 005 | 20231123085145 |
| 007 | ta |
| 008 | 150407|2000||||xxc||||| f|0| 0 fre|d |
| 020 | |a0-662-65317-3 |
| 040 | |aCaOODSP|bfre |
| 041 | |aeng |
| 041 | |afre |
| 043 | |an-cn--- |
| 086 | 1 |aE2-195/2000 |
| 110 | 1 |aCanada. |bAffaires étrangères et commerce international Canada. |
| 245 | 10|aRéponse du gouvernement au Comité permanent des affaires étrangères et du commerce international (CPAECI) : |bexamen de la Loi sur l'expansion des exportation |
| 260 | |aOttawa - Ontario : |bAffaires étrangères et Commerce international |c2000. |
| 300 | |aTexte français, 16p. ; |c28 cm. |
| 546 | |aBilingue |
| 563 | |aCouverture souple |
| 590 | |a00-43|b2000-10-27 |
| 691 | 07|aExportation|2gcpds |
| 691 | 07|aPolitique économique|2gcpds |
| 691 | 07|aCrédit|2gcpds |
| 776 | 0#|tRéponse du gouvernement au Comité permanent des Affaires étrangères et du Commerce international (CPAECI) - examen de la Loi sur l'expansion des exportations |w(CaOODSP)9.637724 |
| 776 | 0#|tGovernment response to the Standing Committee on Foreign Affairs and International Trade (SCFAIT) - reviewing the Export Development Act |w(CaOODSP)9.693548 |
| 791 | |tGovernment response to the Standing Committee on Foreign Affairs and International Trade (SCFAIT) : |eeng|w(CaOODSP)9.662277 |